000
00411nam a2200145Ia 4500
008
100122s9999 xx 000 0 und d
082
_b
66684
_a
926.1
100
_a
मांडके अलका
245
_a
हृदयस्थ
260
_b
ग्रंथाली प्रकाशन
_c
2004
300
_a
212
630
_a
हृदयस्थ
730
_a
हृदयस्थ
942
_c
BOOK
999
_c
439143
_d
439140